LEADER 02844nam 2200517 450 001 000013044 005 20150302101755.0 100 $a20030509d1969----km-y0itay0103----ba 101 2 $agrc$aeng 102 $aUS$aGB 200 1 $a<> life of Apollonius of Tyana$fPhilostratus$ein two volumes$a<> epistles of Apollonius and the treatise of Eusebius$fwith an English translation by F. C. Conybeare 210 $aCambridge, Massachusetts$cHarvard University Press$aLondon$c<> Heinemann$d1969 215 $a2 volumi$cill.$d17 cm 225 2 $a<> Loeb classical library 300 $aTraduzione inglese con testo greco a fronte 327 1 $aVol. I: The life of Apollonius of Tyana, Books I-V. - [1] carta di tav., XVII, 591 p.$aVol. II: The life of Apollonius of Tyana, Books VI-VIII ; The epistles of Apollonius; The treatise of Eusebius. - Revised and reprinted. - V, 623 p. 410 0$12001$a<> Loeb classical library 423 1$12001$a<> epistles of Apollonius and the treatise of Eusebius 500 11$aVita Apollonii / Philostratus, Flavius 500 11$aEpistulae / Apollonius Tyanensis 500 11$aContra Hieroclem / Eusebius Caesariensis 676 $a921$v(22. ed.)$9Biografia. Filosofi 676 $a886.01$v(22. ed.)$9Lettere greche classiche. Origini-500 ca 676 $a885.01$v(22. ed.)$9Discorsi in greco classico. Origini-499 700 1$aPhilostratus,$bFlavius$f$0164965 701 0$aApollonius Tyanensis$f$0183643 701 0$aEusebius Caesariensis$f<260/265-339/340>$0269385 702 1$aConybeare,$bFrederick Cornwallis 801 0$aIT$bUniversità della Basilicata - B.I.A.$gREICAT$2unimarc 912 $a000013044 997 $aUNIBAS CAT $aSTD019$b01$c20030509$lBAS01$h0956 CAT $c20050601$lBAS01$h1755 CAT $abatch$b01$c20050718$lBAS01$h1051 CAT $c20050718$lBAS01$h1110 CAT $c20050718$lBAS01$h1140 CAT $c20050718$lBAS01$h1155 CAT $aBATCH$b00$c20070503$lBAS01$h1735 CAT $aATR$b40$c20141029$lBAS01$h1025 CAT $aATR$b40$c20141029$lBAS01$h1026 CAT $aATR$b00$c20150302$lBAS01$h1007 CAT $aEXT013$b01$c20150302$lBAS01$h1009 CAT $aEXT013$b01$c20150302$lBAS01$h1017 FMT Z30 -1$lBAS01$LBAS01$mBOOK$1BASA1$APolo Storico-Umanistico$2GEN$BCollezione generale$3Class/1050$614614$5L14614$820051104$b1$f02$FPrestabile Generale$hVol. I: The life of Apollonius of Tyana, Books I-V. - [1] carta di tav., XVII, 591 p. Z30 -1$lBAS01$LBAS01$mBOOK$1BASA1$APolo Storico-Umanistico$2GEN$BCollezione generale$3Class/1051$614615$5L14615$820051104$b2$f02$FPrestabile Generale$hVol. II: The life of Apollonius of Tyana, Books VI-VIII ; The epistles of Apollonius; The treatise of Eusebius. - Revised and reprinted. - V, 623 p. LEADER 02814nam 22006615 450 001 9910349403703321 005 20251225203456.0 010 $a9783030009199 010 $a303000919X 024 7 $a10.1007/978-3-030-00919-9 035 $a(CKB)4100000006674901 035 $a(DE-He213)978-3-030-00919-9 035 $a(MiAaPQ)EBC6222267 035 $a(PPN)230538932 035 $a(EXLCZ)994100000006674901 100 $a20180914d2018 u| 0 101 0 $aeng 135 $aurnn|008mamaa 181 $ctxt$2rdacontent 182 $cc$2rdamedia 183 $acr$2rdacarrier 200 10$aMachine Learning in Medical Imaging $e9th International Workshop, MLMI 2018, Held in Conjunction with MICCAI 2018, Granada, Spain, September 16, 2018, Proceedings /$fedited by Yinghuan Shi, Heung-Il Suk, Mingxia Liu 205 $a1st ed. 2018. 210 1$aCham :$cSpringer International Publishing :$cImprint: Springer,$d2018. 215 $a1 online resource (XIII, 409 p. 152 illus.) 225 1 $aImage Processing, Computer Vision, Pattern Recognition, and Graphics,$x3004-9954 ;$v11046 311 08$a9783030009182 311 08$a3030009181 330 $aThis book constitutes the proceedings of the 9th International Workshop on Machine Learning in Medical Imaging, MLMI 2018, held in conjunction with MICCAI 2018 in Granada, Spain, in September 2018. The 45 papers presented in this volume were carefully reviewed and selected from 82 submissions. They focus on major trends and challenges in the area of machine learning in medical imaging and aim to identify new cutting-edge techniques and their use in medical imaging. 410 0$aImage Processing, Computer Vision, Pattern Recognition, and Graphics,$x3004-9954 ;$v11046 606 $aComputer vision 606 $aArtificial intelligence 606 $aMedical informatics 606 $aData mining 606 $aComputer Vision 606 $aArtificial Intelligence 606 $aHealth Informatics 606 $aData Mining and Knowledge Discovery 615 0$aComputer vision. 615 0$aArtificial intelligence. 615 0$aMedical informatics. 615 0$aData mining. 615 14$aComputer Vision. 615 24$aArtificial Intelligence. 615 24$aHealth Informatics. 615 24$aData Mining and Knowledge Discovery. 676 $a006.37 676 $a006.6 702 $aShi$b Yinghuan$4edt$4http://id.loc.gov/vocabulary/relators/edt 702 $aSuk$b Heung-Il$4edt$4http://id.loc.gov/vocabulary/relators/edt 702 $aLiu$b Mingxia$4edt$4http://id.loc.gov/vocabulary/relators/edt 801 0$bMiAaPQ 801 1$bMiAaPQ 801 2$bMiAaPQ 906 $aBOOK 912 $a9910349403703321 996 $aMachine Learning in Medical Imaging$92998079 997 $aUNINA